000 00231nam a2200109Ia 4500
100 _a#N/A
942 _cBK
654 _apattern recognition
245 _aPattern recognition and image analysis
260 _b#N/A
546 _aENGLISH
999 _c24657
_d24657